MARC

LEADER 00000nam0a2200000 4500
001 314866
005 20231102002723.0
035 |a (RuTPU)RU\TPU\book\340298 
090 |a 314866 
100 |a 20160219d1982 km y0rusy50 ca 
101 0 |a rus 
102 |a RU 
105 |a a z 001zy 
200 1 |a Исследования вантово-балочных мостов  |f Всесоюзный научно-исследовательский институт транспортного строительства (ВНИИТС) ; под ред. К. П. Большакова 
210 |a Москва  |c Транспорт  |d 1982 
215 |a 112 с.  |c ил. 
320 |a Библиогр. в конце ст. 
606 1 |a Мосты балочные  |2 stltpush  |3 (RuTPU)RU\TPU\subj\44510  |9 63825 
610 1 |a вантовые конструкции 
610 1 |a транспортерные системы 
610 1 |a канаты 
610 1 |a параллельные проволоки 
610 1 |a противокоррозийная защита 
610 1 |a сварные узлы 
610 1 |a выносливость 
610 1 |a клеефрикционные соединения 
610 1 |a высокопрочные болты 
610 1 |a напряженное состояние 
610 1 |a опорные балки 
675 |a 624.27  |v 4 
702 1 |a Большаков  |b К. П.  |4 340 
712 0 2 |a Всесоюзный научно-исследовательский институт транспортного строительства (ВНИИТС)  |c (Москва)  |2 stltpush  |3 (RuTPU)RU\TPU\col\21623 
801 1 |a RU  |b 63413507  |c 20160219 
801 2 |a RU  |b 63413507  |c 20200629  |g RCR 
942 |c BK